Science Quiz

Random Science or Elements Quiz

New Elements Quiz Stats

 Plays Quiz not verified by Sporcle

Also try: Snakes!
Challenge
Share
Tweet
Embed
Score 0/12 Timer 03:00
0 Plays Today
Element % Correct
Meitnerium
90.6%
Lawrencium
87.5%
Seaborgium
87.5%
Copernicium
84.4%
Flerovium
78.1%
Bohrium
75%
Darmstadtium
75%
Dubnium
71.9%
Hassium
71.9%
Livermorium
71.9%
Rutherfordium
68.8%
Roentgenium
65.6%

You're not logged in!

Compare scores with friends on all Sporcle quizzes.
OR
Log In

You Might Also Like...

Show Comments

Extras

Top Quizzes Today


Score Distribution

Your Account Isn't Verified!

In order to create a playlist on Sporcle, you need to verify the email address you used during registration. Go to your Sporcle Settings to finish the process.

Report this User

Report this user for behavior that violates our Community Guidelines.

Details: